000 01137nam a2200325Ia 4500
001 dia_4897
003 CHAP
005 20251023171715.0
008 220117s2007 xx 000 0 und d
010 _a175694
020 _a958-648-460-2
040 _cCHAP
082 _a658.562 V36 2006
100 _aVargas Quíñones, Martha Elena
_9118084
245 _aCalidad y servicio : conceptos y herramientas /
_c Martha Elena Vargas Quíñones y Luzángela Aldana de Vega
260 _aColombia :
_b Ecoe :,
_b Universidad de la Sábana,
_c2007
300 _ax, 152 p.
440 _aTemas de Universitarios. Administración
_9156983
503 _aC/e
504 _aBibliografía: p. 147-152
650 _aControl de calidad
_xManuales
_9156984
650 _aIndustrias de servicio
_xControl de calidad
_xManuales
_9156985
650 _aSatisfacción al consumidor
_9156986
650 _aServicio al cliente
_9156987
700 _aAldana de Vega, Luzángela, coaut.
_9156988
901 _a658.562 V36 2006
902 _aM
905 _a5232272007 CK AM 8222223322SPA16
942 _cLIBRO
_2ddc
999 _c175694
_d175694